000 00555pam a2200205 a 4500
020 _a978072169184
_c5788.80
041 _aeng
_hNULL
082 _a616.4
_bLAR/KOO
100 _aLARSEN, P .
245 _aWILLIAMS TEXT BOOK OF ENDOCRINOLOGY /
_cNULL.
_hTextual Documents
250 _a10 ED /
_b.
260 _aNULL :
_bSAUNDERS ,
_c2002.
300 _a1927 : :
_bXXI ; ;
_cA4 . +
_eHB.
365 _a5788.80
_e1
700 _aKOONENBERY, H .
_aMELMED, S .
907 _a5350
930 _a2139
999 _c796675
_d796675
650 _aGEN.MEDICINE